Loading...
| History - European | 0 | 2 | 0 | 1 | 20 | 108 | 124.50 | 0 | 1 | 2.31 | 7.14 |
| Geography | 1 | 1 | 1 | 1 | 20 | 21 | 75.00 | 0 | 1 | 10.53 | 12.50 |
| Science - Physics | 0 | 2 | 0 | 0 | 20 | 97 | 105.50 | 0 | 1 | 3.97 | 10.00 |
| History - Other | 1 | 0 | 0 | 0 | 15 | 53 | 53.00 | 0 | 1 | 10.49 | 9.52 |
| Science - Other | 0 | 1 | 0 | 0 | 10 | 91 | 91.00 | 0 | 1 | 2.89 | 9.52 |
| History - American | 0 | 1 | 0 | 1 | 10 | 128 | 128.00 | 0 | 0 | 0.19 | 1.79 |
| History - World | 0 | 1 | 0 | 0 | 10 | 150 | 150.00 | 0 | 0 | 0.09 | 2.86 |
| Fine Arts - Other | 0 | 1 | 0 | 0 | 10 | 113 | 113.00 | 1 | 1 | 0.83 | 5.71 |
| Other Academic | 0 | 1 | 0 | 0 | 10 | 121 | 121.00 | 0 | 0 | 1.23 | 1.43 |
| Science - Biology | 0 | 1 | 1 | 1 | 5 | 131 | 131.00 | 0 | 1 | 0.08 | 2.86 |
| Short Fiction and Other | 0 | 0 | 0 | 0 | 0 | 0.00 | 0 | 0 | 0.00 | 0.00 | |
| Science - Chemistry | 0 | 0 | 0 | 0 | 0 | 0.00 | 0 | 0 | 0.00 | 0.00 | |
| Literature - Long Fiction | 0 | 0 | 0 | 0 | 0 | 0.00 | 0 | 0 | 0.00 | 0.00 | |
| Social Science | 0 | 0 | 1 | 0 | -5 | 0.00 | 0 | 0 | 0.00 | 0.00 | |
| Literature - Drama | 0 | 0 | 1 | 0 | -5 | 0.00 | 0 | 0 | 0.00 | 0.00 | |
| Current Events | 0 | 0 | 1 | 0 | -5 | 0.00 | 0 | 0 | 0.00 | 0.00 |